[Event "Madrid"]
[Site "Madrid"]
[Date "1996.05.15"]
[Round "7"]
[White "Salov, Valery"]
[Black "Adams, Michael"]
[Result "1-0"]
[WhiteElo "2670"]
[BlackElo "2660"]
[Annotator "Engqvist"]
[PlyCount "109"]
[EventDate "1996.05.08"]
[EventType "tourn"]
[EventRounds "9"]
[EventCountry "ESP"]
[EventCategory "17"]
[SourceTitle "CBM 053"]
[Source "ChessBase"]
[SourceDate "1996.08.01"]
[SourceVersion "1"]
[SourceVersionDate "1996.08.01"]
[SourceQuality "1"]

1. d4 {Hansen,LB} Nf6 2. Nf3 e6 3. g3 b6 4. Bg2 Bb7 5. c4 Be7 6. O-O O-O 7. d5
{This move together with 7.Re1 has been popular recently. The main variation 7.
Nc3 Ne4 etc is regarded as safe for Black.} exd5 $8 8. Nh4 {Polugajevskij's
important innovation.} (8. Nd4 {is the old move in this variation. The
disadvantage is that there is no press- ure on d5, after} Bc6 $1 {Black has a
sound position.} (8... c6 $5 {is also playable but will probably transpose to
8.Nh4.})) 8... c6 9. cxd5 Nxd5 (9... cxd5 10. Nc3 Na6 11. Nf5 Nc7 12. Bf4 $14)
10. Nf5 Nc7 11. Nc3 (11. e4 {Hansen,LB} d5 12. Re1 dxe4 (12... Ne6 13. exd5
cxd5 14. Nc3 Bb4 15. Qg4 Bxc3 16. bxc3 Qf6 17. Ba3 Nc5 18. Bxc5 bxc5 19. Ne7+
Kh8 20. Rab1 Bc6 21. Nxd5 $16 {Sosonko,G-Tivjakov,S/Polanica Zdroj/1995/}) 13.
Qg4 Bf6 14. Nc3 Bc8 15. Bxe4 $5 Nd5 $2 (15... Bxf5 $142 16. Qxf5 g6 $13 {Barlov
}) 16. Bh6 $1 g6 17. Bxf8 Kxf8 18. Bxd5 Bxf5 19. Qb4+ Be7 20. Qb3 $1 cxd5 21.
Nxd5 Be6 22. Rxe6 $1 fxe6 23. Qf3+ Ke8 24. Nxe7 {1-0/Barlov-Abramovic,B/
Jugoslavija/1994/}) 11... Ne6 (11... d5 {is the main variation.} 12. e4 {
Hansen,LB} Bf6 (12... Nba6 13. Re1 dxe4 14. Bxe4 (14. Qg4 $5) 14... Bf6 15. Nd6
Bxc3 $1 16. Nxb7 Qxd1 17. Rxd1 Be5 18. Bxc6 $13 {Romanishin,O-Orlov,G/Beograd/
1988/}) 13. Bf4 (13. Re1 Bc8 14. Qf3 Be6 15. g4 Nd7 16. Qg3 $13 {Romanishin,
O-Epishin,V/Beograd/1988/}) 13... Nd7 (13... Nba6 14. Rc1 Nc5 15. Bxc7 Qxc7 16.
exd5 Rad8 17. b4 $1 Na6 18. d6 Qd7 19. Bh3 Kh8 20. Ne4 $16 {Adrian,
C-Rozentalis,E/Mondorf op/1991/}) 14. Re1 d4 $5 15. Nxd4 Bxd4 16. Qxd4 Ne6 17.
Qd2 $14 {Zaitshik,G-Polovodin,I/URS ch/1981/}) 12. e4 (12. Nd6 Ba6 (12... Bxd6
13. Qxd6 Qc7 14. Rd1 $14 {Koc-Judasin, SSSR 1981}) 13. Qd2 Qc7 14. Rd1 Bxd6 15.
Qxd6 Qxd6 16. Rxd6 Re8 17. Be3 Nc7 18. a4 $14 {Romanisin-Savon, Lvov 1981})
12... d6 $146 (12... Na6 13. f4 f6 14. h4 Nac7 15. Be3 d6 16. Qg4 Qe8 17. a4
Kh8 18. h5 Qf7 19. Nh4 Rfd8 20. a5 c5 21. Ng6+ $1 Kg8 22. f5 Nf8 23. e5 $1 Bxg2
24. e6 Qe8 25. Kxg2 $16 {Kasparov-Nikitin and Shakarov, Baku (training-session
game) 1981}) 13. f4 Nd7 14. Be3 (14. Nxd6 $6 Ba6 15. Re1 Ndc5 $132) 14... Nf6
15. Rf2 {/\ Rd2 >< d6} d5 16. exd5 cxd5 17. Nxd5 Bxd5 18. Bxd5 Nxd5 19. Qxd5
$14 Re8 (19... Qxd5 $4 {Hansen,LB} 20. Nxe7+ $18) 20. Rd1 Bf8 21. Nd6 Bxd6 22.
Qxd6 Qc8 23. f5 Nf8 24. Bg5 Qc4 25. Be7 Rac8 (25... Qxa2 {Hansen,LB} 26. f6 $40
) 26. Bxf8 Rxf8 27. f6 Rfe8 28. fxg7 Re2 {Hansen,LB: Good defensive play. With
the weak king Black has to exchange pieces.} 29. b3 Qc2 30. Rdf1 Rxf2 31. Rxf2
Qc1+ 32. Kg2 Qc6+ 33. Qxc6 Rxc6 34. Kf3 Kxg7 35. Ke4 {White has the advantage
in this instructive rook ending. White's king is more active than Black's and
it is centralised. White has two pawn islands against Black's three. Hansen,LB:
White is still slightly better with his active K and better pawns, but I still
think Black should be able to draw.} Rc5 36. Kd4 h5 37. b4 {Hansen,LB:Now
Black has decide if he wants to give up the c-file (37.-,Rg5) or the 5th rank 
(37.-,Rc7). I am not sure he makes the right choice.} Rc7 (37... Rg5 {Hansen,LB
}) 38. Kd5 Kg6 39. a4 Kg5 40. Rf4 {Compare this move with 35...Rc5. White
could play 37.b4 but Black can not play ...g5.} f6 41. b5 Rc2 42. h4+ Kg6 43.
g4 hxg4 44. Rxg4+ {It is understandable, that Adams didn t want to be cut off
from the passed h-pawn with 44.-, Kf7, but maybe 44.-, Kh6!? was better.} Kh5 (
44... Kh6 45. Ke6 Rf2 46. Rd4 $18) (44... Kh6 $5 {Hansen,LB}) 45. Rg7 a6 46.
bxa6 Rc5+ 47. Ke6 Ra5 48. a7 f5 (48... Rxa4 49. Kxf6 Kxh4 50. Ke5 b5 51. Kd5 b4
52. Kc4 $18) 49. Rh7+ Kg4 (49... Kg6 50. Rf7 Rxa4 (50... Ra6 51. h5+ Kxh5 52.
Kxf5 Rxa4 53. Ke5 Kg6 54. Rb7 $18) 51. h5+ Kxh5 52. Kxf5 Ra5+ (52... Kh6 53.
Rb7 $18) 53. Ke6 $18) (49... Kg6 $5 {Hansen,LB}) 50. h5 f4 51. Rf7 Kg5 (51...
f3 52. h6 f2 53. h7 Rxa7 54. h8=Q Rxf7 55. Qg8+ $18) (51... Kxh5 {Hansen,LB}
52. Rf5+ $18) 52. Rf5+ Rxf5 53. a8=Q Rf6+ 54. Ke5 Rf5+ 55. Ke4 1-0

[Event "NED-ch55"]
[Site "Rotterdam"]
[Date "2000.05.14"]
[Round "7"]
[White "Grooten, Herman"]
[Black "Tiviakov, Sergei"]
[Result "0-1"]
[WhiteElo "2393"]
[BlackElo "2567"]
[Annotator "Engqvist"]
[PlyCount "124"]
[EventDate "2000.05.07"]
[EventType "tourn"]
[EventRounds "11"]
[EventCountry "NED"]
[EventCategory "12"]
[SourceTitle "CBM 077"]
[Source "ChessBase"]
[SourceDate "2000.07.27"]
[SourceVersion "1"]
[SourceVersionDate "2000.07.27"]
[SourceQuality "1"]

1. Nf3 Nf6 2. c4 b6 3. g3 e6 4. Bg2 Bb7 5. O-O Be7 6. Nc3 O-O 7. d4 Na6 {
[%cal Yc7c5,Yd7d6,Yd7d5] An interesting move which keeps the flexibility in
the pawnchain. It is also more dynamic than the drawish 7...Ne4. One of the
greatest exponents is Tiviakov and he even puts an exclamationmark on the move.
} 8. d5 (8. Bf4 d6 {It is logical to put the pawn on d6 rather than d5 when
black develop his bishop to f4. This is one fundamental point with 7...Na6,
black keeps his options and waits for white's next move.} 9. a3 (9. d5 c5 10.
e4 Nc7 11. a4 a6 12. Qc2 b5 13. b3 Re8 14. Rad1 exd5 15. exd5 Bc8 16. Rfe1 Rb8
17. Ng5 g6 18. Nge4 Nh5 19. Bc1 Bf5 20. h3 bxc4 21. bxc4 Nf6 22. g4 Nxe4 23.
Nxe4 Bxe4 24. Rxe4 Bf6 $11 {Tisdall-Tivjakov, Gausdal 1992}) (9. Ne1 Bxg2 10.
Nxg2 (10. Kxg2 $142) 10... c5 11. d5 Nc7 (11... exd5 $143 12. Nxd5 Nxd5 13.
Qxd5 Nb4 14. Qe4 d5 15. cxd5 Nxd5 16. Rfd1 Nf6 17. Rxd8 Nxe4 18. Rd7) 12. e4
exd5 (12... a6 $143 13. dxe6 Nxe6 (13... fxe6 14. e5) 14. Be3) (12... e5 $143
13. Bd2 $14 {XBe7}) 13. exd5 Qd7 14. Qd3 Rfb8 15. a4 a6 16. Bd2 (16. Rfe1 $142
{Hultin}) 16... Ng4 $36 {Hultin-Engqvist, Stockholm International (10) 1997}) (
9. Qc2 c5 10. dxc5 (10. Rfd1) 10... Nxc5 (10... bxc5 $5 11. Ng5 $5) 11. Rfd1
Qb8 $1 (11... a6 12. b4 Nce4 13. Ng5) 12. Ne1 (12. b4) 12... Rc8 13. Rd2 (13.
Bxb7 Nxb7 {and d6 is overprotected.}) 13... Bxg2 14. Nxg2 b5 $1 $36 {
Kretz-Engqvist, Göteborg Elitserien (1) 1993}) 9... c5 10. d5 Nc7 11. e4 a6 (
11... b5 $11 {ECO}) 12. b4 exd5 13. exd5 cxb4 14. axb4 b5 15. Nd2 Qd7 16. Rc1
Rfe8 $13 {Ribli-Markowski, Moskva (ol) 1994}) (8. Bg5 c5 9. d5 (9. Ne5 Bxg2 10.
Kxg2 h6 $11 11. Bxf6 $140 Bxf6 12. Qa4 Nb8 $1 {Tivjakov} (12... cxd4 $142 $1
13. Nxd7 dxc3)) 9... exd5 (9... d6 $5) 10. cxd5 d6 11. Nh4 (11. e4 $2 Nxd5 $17)
(11. Qd2 Nc7 12. e4 b5 $15) (11. Nd2 $5 Nc7 12. Nc4 $14 {Dautov}) 11... Qd7 (
11... h6 $5 12. Bc1 $8 Qd7 13. e4 $13 {and Nf5 Tivjakov}) 12. Qd2 (12. e4 Nxd5)
12... b5 $5 (12... Nc7) (12... Bd8 13. e4 b5 $13 (13... Re8 $5 $13)) 13. e4 b4
$5 14. Nd1 (14. Ne2 Bd8 {and Re8}) 14... Bd8 $1 $13 {A.Snejder-Tivjakov,
Moskva (open) 1992 - 56/611}) (8. b3 d5 {Of course it is logical to place the
pawn on d5 rather than d6 when white is planning Bb2.} 9. Bb2 (9. Ne5 c6 $5 10.
Bb2 Nd7 11. Nd3 Bf6 12. e3 g6 13. Qe2 Nc7 $11 {Andersson-Tivjakov, Haninge 1992
}) 9... c6 {This is actually a Catalan position, E06 in ECO.} 10. Rc1 (10. Ne5
Nd7 11. Nxd7 Qxd7 12. e4 Nc7 13. Re1 Rfd8 14. Qe2 Rac8 15. Rad1 Ba6 16. Qg4 $1
$13 {Van Wely-Sturua, Iraklion 1993}) 10... Bd6 11. Re1 (11. Qd3 $142 $5 c5
$140 12. cxd5 Nb4 13. Qb1 Nbxd5 14. Nb5 $1 $14 {Sturua}) 11... Ne4 12. e3 Bb4 (
12... Qe7 $5) 13. Ne5 c5 $1 14. cxd5 Bxc3 15. Bxc3 Nxc3 16. Rxc3 Bxd5 17. e4
cxd4 $1 18. Qxd4 Bb7 $11 {Sturua}) (8. Re1 Ne4 9. Nxe4 Bxe4 10. Qa4 (10. Ne5
Bxg2 11. Kxg2 c5 (11... Qc8 $5 12. e4 Qb7 13. Qa4 (13. Nxd7 $6 Rfd8 14. Ne5 Bf6
15. Bf4 Bxe5 16. Bxe5 f6 17. Bf4 e5 18. Bd2 Rxd4 $15 {Bator-Stefansson,
Mariehamn 1997}) 13... c6 14. Bd2 Rac8 15. Rac1 Rfd8 16. Qb3 d6 $11 {
Piket-Renet, Moscow ol (Men) (3) 1994}) 12. d5 Qc7 13. Nf3 d6 14. e4 Rab8 15.
a4 Bf6 16. Rb1 Nb4 17. Bd2 Nd3 18. Re3 Ne5 19. Nxe5 Bxe5 20. dxe6 Bd4 21. e7 (
21. exf7+ Qxf7) 21... Qxe7 22. Re2 Rbe8 $15 {Saidano-Tiviakov, Linares Anibal
op (1) 1999}) (10. Nh4 Bxg2 11. Nxg2 c5 12. d5 Bf6 13. Nf4 g6 14. e4 Bd4 15. e5
Nc7 16. dxe6 dxe6 $11 {Arkell-Tiviakov, Monarch Assurance 7th Port Erin (2)
1998}) 10... Qc8 11. Ne5 Bxg2 12. Kxg2 c5 $1 13. Be3 (13. d5 $143 $6 exd5 14.
cxd5 Nb4 $1 $15 {Poluljahov-Tiviakov, RUS-ch51 St Petersburg (5) 1998}) (13.
Qxd7 $143 Qxd7 14. Nxd7 Rfd8 15. Ne5 Rac8 $1 $15 {Tiviakov}) 13... Qb7+ $5 (
13... d6 $5 14. Nc6 $140 Bf6) 14. Nf3 $5 cxd4 (14... d6) (14... Rac8) 15. Bxd4
$11 {Tiviakov}) (8. a3 {[%cal Yd4d5]} d5 9. Ne5 c5 10. cxd5 exd5 $5 11. Qa4 $5
{Terehov} (11. Be3 $5)) (8. Ne5 Bxg2 9. Kxg2 Qc8 10. e4 $5 Bb4 11. f3 Bxc3 12.
bxc3 $14 {Dautov}) (8. Qa4 {Ftacnik} Qc8 {[%cal Yc7c5]} 9. Rd1 Ne4 10. Nxe4
Bxe4 11. Bf4 d6 12. Rac1 Qb7 13. Ne1 Bxg2 14. Nxg2 c5 15. d5 e5 16. Bd2 Rab8 {
[%cal Yb6b5] This is the fundamental defect with 8.Qa4. White needs the
possibility to play a2-a4.} 17. a3 b5 18. cxb5 Nc7 19. Ne3 Nxb5 20. b4 Nd4 21.
Kf1 cxb4 22. Bxb4 f5 23. Ng2 Rfc8 24. Rc3 a5 $1 25. Rxc8+ Rxc8 26. Be1 Qa6 27.
Rd3 Nxe2 {0-1 Tatai-Tiviakov, Arco op (2) 1998}) 8... Bb4 9. Bd2 (9. Nh4 Bxc3
10. bxc3 Rb8 $1 $13 {Romanishin-Kortschnoj, Leonid Stein mem 2000}) 9... Nc5
10. Nh4 (10. Ne1 Re8 {[%cal Ye6d5]} 11. Rc1 $5 (11. a3 $143 Bxc3 12. Bxc3 exd5
13. cxd5 Nce4 $40 {[%csl Rd5]}) (11. dxe6 $143 $15) (11. Nc2 $143 Bxc3 12. Bxc3
exd5 13. cxd5 Nce4 14. Ne3 Nxc3 15. bxc3 Rxe3 $1 $15 {Razuvaev-Tivjakov,
Rostov 1993 - 57/520}) 11... exd5 12. cxd5 (12. Nxd5 Bxd2 13. Qxd2 $14 {Dautov}
) 12... Qe7 13. Nc2 (13. Rc2 c6 $132 {Dautov}) 13... Bxc3 14. Bxc3 Nce4 (14...
Qxe2 15. Bxf6 gxf6 16. Ne3 $44 {Bacrot-Pelletier, Mermaid Beach Club Bermuda 
(3) 1999}) 15. Bxf6 Qxf6 16. Ne3 $11 {Tisdall}) (10. Na4 $5 Bxd2 11. Nxc5 bxc5
12. Nxd2 exd5 13. Nb3 $11 {ECO}) (10. dxe6 dxe6 11. a3 Bxc3 12. Bxc3 a5 $11 {
Dautov}) (10. Ne5 Re8 11. f4 Bxc3 12. Bxc3 exd5 13. cxd5 Nce4 14. Bxe4 Nxe4
$132 {Dautov}) (10. Ng5 h6 11. Nh3 exd5 12. cxd5 Re8 13. Nf4 a5 14. a3 Bxc3 15.
Bxc3 Nfe4 16. Be1 a4 17. f3 Nd6 18. Rc1 Ba6 19. Bf2 Nc4 20. Rc2 d6 $15 {
Izeta-Del Rio de Angeles, ESP-chT Ponferrrada (6) 1997}) 10... Re8 11. Re1 (11.
a3 Bxc3 12. Bxc3) (11. Rc1 a5 12. Re1 (12. a3 Bxc3 13. Bxc3 a4 $1 14. Re1 $14 {
Dautov}) 12... d6 $15 {Van Wely-Tivjakov, Gausdal 1992}) 11... a5 $146 (11...
exd5 12. Nxd5 Bxd2 13. Qxd2 Nce4 14. Qd4 c5 15. Qd3 Bxd5 16. cxd5 Re5 17. Qc2
Qe7 18. Rad1 Re8 $15 {[%csl Rd5] Gross-Chernyshov, Budapest Spring op (5) 1994}
) 12. a3 Bxc3 13. Bxc3 exd5 14. cxd5 Nce4 15. Bxe4 Nxe4 16. Rc1 Qg5 {[%csl Rd5]
} 17. Qd4 Nf6 (17... Bxd5 $4 18. Nf3 c5 19. Qxe4 $18) (17... Nxc3 $2 18. Rxc3 {
[%csl Rc7]} Qxd5 19. Qxd5 Bxd5 20. Rxc7 Bc6 21. Nf5 Kf8 22. Nd4 Rac8 23. Rxc8
Rxc8 $16) 18. d6 (18. e4 $5 Rxe4 $140 19. Rxe4 Nxe4 (19... Qxc1+ $142 20. Re1
Qc2) 20. f4 Nxc3 21. Rxc3 Qxd5 22. Qxd5 Bxd5 23. Rxc7 Bc6 24. Nf5 Kf8 25. Nd4
Ke7 26. Nxc6+ Kd6 27. Ra7 Rxa7 28. Nxa7 Kc5 29. a4 $18) 18... c5 (18... Re4 {
is harmless after} 19. Nf3 ({A funny variation is} 19. Qd2 Qxh4 20. gxh4 Rg4+
21. Kf1 Bg2+ 22. Kg1 $11 {with a draw.}) 19... Rxd4 20. Nxg5 Rxd6 21. Be5) 19.
Qf4 Qxf4 20. gxf4 Re6 {[%csl Rd6]} 21. Rcd1 Nd5 22. Be5 f6 23. e4 fxe5 24. exd5
Rxd6 25. Rxe5 Rf8 {[%csl Rd5,Rf4]} 26. f5 (26. Nf5 Rg6+ 27. Kf1 Ba6+ 28. Ke1
Rgf6 29. Ne7+ Kh8 30. f5 Rh6 {[%csl Rh2]}) 26... Rh6 27. Ng2 d6 28. Re6 Rxf5
29. Rxh6 gxh6 30. Ne3 Rg5+ 31. Kh1 Ba6 {[%cal Ra6e2]} 32. f4 Rg6 33. Rd2 a4 34.
h4 Kf7 35. Kh2 Kf6 36. Rg2 Bd3 37. Rg3 b5 38. Nd1 Rxg3 39. Kxg3 b4 {[%csl Rd5]}
40. Kf3 Bc2 41. Ne3 Bd3 42. Ng4+ Kg6 43. Ke3 Bb1 44. h5+ Kxh5 45. Nf6+ Kg6 46.
Ne8 c4 47. Kd2 (47. Nxd6 c3 $19) 47... bxa3 48. bxa3 Be4 49. f5+ Kg5 50. Nxd6
Bxd5 51. Kc3 h5 52. Kd4 Bg8 53. Ke5 h4 54. Ne4+ Kh6 55. Kf4 h3 56. Nf2 (56. Kg3
Bd5 57. Nc3 Bc6 58. Kxh3 Kg5 $19) 56... c3 57. Ke3 Kg5 58. Nxh3+ Kxf5 59. Kd3
Kg4 60. Ng1 Bd5 61. Kxc3 Bf3 {[%csl Rg1]} 62. Kd4 Kg3 {[%cal Yf3g4]} 0-1

[Event "DEN-ch"]
[Site "Esbjerg"]
[Date "1997.03.27"]
[Round "6"]
[White "Danielsen, Henrik"]
[Black "Hansen, Sune Berg"]
[Result "1-0"]
[WhiteElo "2490"]
[BlackElo "2505"]
[Annotator "Fritz"]
[PlyCount "79"]
[EventDate "1997.03.22"]
[EventType "tourn"]
[EventRounds "9"]
[EventCountry "DEN"]
[EventCategory "10"]
[SourceTitle "CBM 060"]
[Source "ChessBase"]
[SourceDate "1997.09.29"]
[SourceVersion "1"]
[SourceVersionDate "1997.09.29"]
[SourceQuality "1"]

1. d4 Nf6 2. Nf3 e6 3. c4 b6 4. g3 Bb7 5. Bg2 Be7 6. O-O O-O 7. Re1 d5 8. cxd5
exd5 9. Nc3 Na6 10. Bf4 c5 11. Rc1 Ne4 12. a3 Bf6 13. Be5 Re8 14. e3 Nxc3 15.
Rxc3 Be7 16. h4 Nb8 17. dxc5 bxc5 18. Rd3 Nd7 19. Bc3 Bf6 20. Ng5 Nb6 21. Qh5
Bxg5 22. hxg5 Qe7 23. Red1 Rad8 24. b3 Ba6 25. R3d2 d4 26. exd4 Be2 27. Bf3
Bxd1 28. Rxd1 cxd4 29. Bxd4 Qxa3 30. Kg2 Qxb3 31. Bxg7 Qc2 32. Bd4 Nc4 33. Rc1
Qxc1 34. g6 fxg6 $4 (34... Ne3+ $1) 35. Bd5+ Rxd5 36. Qxd5+ Kf8 37. Bc5+ Kg7
38. Qd7+ Kh6 39. Qxe8 Qa1 40. Bf8+ 1-0

[Event "EU-Cup 19th"]
[Site "Rethymno"]
[Date "2003.09.30"]
[Round "3.4"]
[White "Greenfeld, Alon"]
[Black "Lagno, Kateryna"]
[Result "1-0"]
[WhiteElo "2556"]
[BlackElo "2439"]
[Annotator "Ftacnik,L"]
[PlyCount "71"]
[EventDate "2003.09.28"]
[EventType "team-swiss"]
[EventRounds "7"]
[EventCountry "GRE"]
[SourceTitle "CBM 098"]
[Source "ChessBase"]
[SourceDate "2004.02.03"]
[SourceVersion "1"]
[SourceVersionDate "2004.02.03"]
[SourceQuality "1"]
[WhiteTeam "Beer Sheva"]
[BlackTeam "Momot Alexander"]
[WhiteTeamCountry "ISR"]
[BlackTeamCountry "UKR"]

1. Nf3 Nf6 2. c4 e6 3. d4 b6 4. g3 Bb7 5. Bg2 Be7 6. O-O O-O 7. Re1 Ne4 8. Nfd2
d5 9. cxd5 (9. Nxe4 dxe4 10. Nc3 f5 11. f3 (11. a3 c5 12. dxc5 Bxc5 13. b4 Bd4
14. Qb3 Nc6 15. Rd1 Qe7 16. Bb2 Rfd8 17. Rac1 Rac8 18. e3 Bf6 19. Ne2 Bxb2 20.
Qxb2 Rxd1+ 21. Rxd1 Rd8 {0-1 Lopez Agustench,E-Ramirez Gonzalez,J/Spain 1997/ 
(61)}) 11... Nc6 (11... Bf6 12. Be3 Nc6 13. fxe4 Bxd4 14. Bxd4 Qxd4+ 15. Qxd4
Nxd4 16. Rac1 f4 (16... fxe4 17. Nxe4 Rab8 18. Ng5 h6 19. e3 Nf3+ 20. Bxf3 hxg5
21. Bxb7 Rxb7 22. Rcd1 c5 {0-1 Matjushin,G-Lahno,K/Donetsk 2003/ (59)}) 17. Nb5
Nxb5 18. cxb5 fxg3 19. hxg3 Rf7 20. Red1 h5 21. Bf3 g6 22. Rc3 Kg7 {1/2-1/2
Gavrikov,V-Kortschnoj,V/Switzerland 1996/ (26)}) 12. e3 exf3 13. Bxf3 Bd6 14.
b3 g5 15. Bb2 g4 16. Bg2 Qg5 17. Nb5 Nd8 18. Nxd6 Bxg2 19. Kxg2 cxd6 20. e4 d5
21. exd5 exd5 22. Ba3 {1-0 Laird,C-Solomon,S/Melbourne 1993/ (35)}) 9... exd5
10. Nxe4 dxe4 11. Nc3 f5 12. Bf4 Kh8 {The first independent move, black is
still doing fine due to the locking of bishop g2 out of play.} (12... Bf6 13.
Nb5 Qd7 14. Nxc7 g5 15. Qb3+ Rf7 16. Bxg5 Bxg5 17. Nxa8 Bxa8 18. e3 Bd5 19. Qc3
Nc6 {1/2-1/2 Lobron,E-Skembris,S/Thessaloniki 1988/ (51)}) 13. Qb3 Na6 (13...
Qxd4 14. Nb5 Qb4 15. Nxc7 $16) (13... Nc6 14. Rad1 Bd6 (14... Nxd4 15. Qc4 c5
16. e3 b5 17. Qf1 (17. Nxb5 Bd5 18. Qa4 Nxb5 19. Qxb5 $11) 17... b4 18. Nb1 Qa5
19. exd4 Ba6 $15)) 14. Rad1 Nb4 $6 (14... Bd6 15. Bxd6 cxd6 $11) 15. d5 a5 (
15... Na6 16. Nb5 $14) 16. d6 $5 {[%mdl 32] Greenfeld finds a way to sacrifice
a pawn for a great positional compensation.} (16. a3 Na6 17. Nb5 $14) 16...
cxd6 (16... Bxd6 17. Nb5 Qc8 18. Nxd6 cxd6 19. Rxd6 $14) 17. a3 Na6 18. Nd5 (
18. Be3 Bc6 19. Qxb6 Qxb6 20. Bxb6 a4 $11) 18... Bxd5 (18... Nc5 19. Qxb6 Bxd5
20. Qxd8 Raxd8 21. Rxd5 $14) 19. Qxd5 Qd7 (19... Nc7 20. Qc6 (20. Qb3 b5 21. f3
a4 22. Qe3 Ne6 $11) 20... Ne6 21. Bxd6 Rc8 $11) 20. Bh3 Rad8 (20... Nc5 21. b4
Na4 22. Rc1 Ra7 $11) 21. f3 $1 {White is much better prepared for the opening
of the center, his two bishops can become very dangerous.} (21. Be3 Nc7 22. Qb7
Na8 23. Qd5 b5 24. f3 Nc7 25. Qb7 Bf6 26. Rc1 $11) 21... Nc7 22. Qb7 Rb8 (22...
exf3 $2 23. exf3 b5 (23... Rb8 24. Bxf5 Qxf5 (24... Qd8 25. Qe4 $18) 25. Qxc7
$16) 24. Rc1 $16) 23. Qxe4 $1 fxe4 (23... Rf7 24. Qd3 $16) 24. Bxd7 Rbd8 (24...
g5 25. Bxd6 Bxd6 26. Rxd6 exf3 27. exf3 Rxf3 28. Re7 Rbf8 29. Bh3 $18) 25. Bc6
Ne6 (25... exf3 26. exf3 Rf7 27. Be3 $16) 26. Be3 Bf6 (26... d5 27. Bxd5 Bc5
28. Bxc5 Nxc5 29. fxe4 $18) 27. Bxb6 Rb8 28. Ba7 (28. Bxa5 Bxb2 29. Bb4 exf3
30. Bxf3 $18) 28... Rxb2 29. Rxd6 {A bishop pair and an extra pawn give all
the reason for optimism, Lahno is lost.} Ng5 (29... Nc7 30. a4 exf3 31. exf3
$18) 30. f4 Nf7 (30... Bc3 31. Red1 Nf7 32. Rd7 $18) 31. Rd7 Nh6 32. Bxe4 Bc3
33. Red1 Rxe2 34. Rd8 Kg8 (34... Rg8 35. Bf3 Ra2 36. Rxg8+ Nxg8 37. Rd8 $18)
35. Bd5+ Nf7 36. Rd7 (36. Rd7 Bf6 37. Bc5 $18) 1-0